1667 1987 1049 1442 1749 1218 1460 1482 1679 1338 1386 1154 1252 1954 1724 1912 1481 1224 1265 1217 1888 1541 1611 1330 1723 1191 1467 1799 1509 1872 1490 1624 1681 1502 1514 1961 1154 1748 1524 1054 1746 1356 1592 1932 1908 1335 1586 1369 1807 1212 1591 1721 1675 1510 1547 1446 1811 1506 1958 1505 1241 1263 1799 1093 1504 1927 1479 1840 1116 1352 1915 1958 1600 1129 1901 1423 1474 1969 1318 1879 1367 1917 1453 2000 1106 1233 1149 1748 1654 1307 1510 1696 1415 1257 1727 1555 1942 1941 1228 BCNSPRNW ULIB Ver.6.0+V

เปลี่ยนเป็นภาษาไทย

Change to English
 แสดงรายละเอียดบรรณานุกรม
  กลับหน้าหลัก

Brief Record : Get Marc (ISO 2709) : E-mail record : QR code < ปิดหน้าต่าง
LEADER : 00000nam 2200000uu 4500
001    13399124359
003     ULIB
008    020711s2558 th a 000 0 tha d
060  4 WS105^bค111
110    คณะกรรมการส่งเสริมพัฒนาการเด็ก
245    คู่มือเฝ้าระวังและส่งเสริมพัฒนาการเด็กปฐมวัย/^cคณะกรรมการส่งเสริมพัฒนาการเด็ก
260    นนทบุรี :^bคณะกรรมการส่งเสริมพัฒนาการเด็ก,^c2558
300    64 หน้า
650    พัฒนาการเด็ก^xคู่มือ
945    ^p0^l0^i22951
945    ^p0^l0^i22952
945    ^p0^l0^i22953
945    ^p0^l0^i22954
945    ^p0^l0^i22955
999    ^aทศพร เกษรทอง
รายการนี้ยังไม่มีแท็ก
คุณยังไม่ได้ล็อกอิน คุณสามารถมีกิจกรรมร่วมกับเว็บไซต์ได้ แต่ต้องล็อกอินก่อน ::
  ล็อกอิน

รายการสื่อสารสนเทศ

ลำดับที่ ประเภท เลขเรียก/บาร์โค้ด สถานที่ สถานะ
1. วิทยาศาสตร์การแพทย์ และสุขภาพ
วิทยาศาสตร์การแพทย์ และสุขภาพ
สถานะ=หนังสือเก่า
WS105 ค111 ฉ.1 
  Barcode: 22951
ห้องสมุดวิทยาเขตนครสวรรค์
►ส่วนจัดเก็บหนังสือเก่า นว.
บนชั้น
  ขอยืม
2. วิทยาศาสตร์การแพทย์ และสุขภาพ
วิทยาศาสตร์การแพทย์ และสุขภาพ
สถานะ=หนังสือเก่า
WS105 ค111 ฉ.2 
  Barcode: 22952
ห้องสมุดวิทยาเขตนครสวรรค์
►ส่วนจัดเก็บหนังสือเก่า นว.
บนชั้น
  ขอยืม
3. วิทยาศาสตร์การแพทย์ และสุขภาพ
วิทยาศาสตร์การแพทย์ และสุขภาพ
สถานะ=หนังสือเก่า
WS105 ค111 ฉ.3 
  Barcode: 22953
ห้องสมุดวิทยาเขตนครสวรรค์
►ส่วนจัดเก็บหนังสือเก่า นว.
บนชั้น
  ขอยืม
4. วิทยาศาสตร์การแพทย์ และสุขภาพ
วิทยาศาสตร์การแพทย์ และสุขภาพ
สถานะ=หนังสือเก่า
WS105 ค111 ฉ.4 
  Barcode: 22954
ห้องสมุดวิทยาเขตนครสวรรค์
►ส่วนจัดเก็บหนังสือเก่า นว.
บนชั้น
  ขอยืม
5. วิทยาศาสตร์การแพทย์ และสุขภาพ
วิทยาศาสตร์การแพทย์ และสุขภาพ
WS105 ค111 ฉ.5 
  Barcode: 22955
ห้องสมุดวิทยาเขตนครสวรรค์
►หนังสือทั่วไป:l:General Books
บนชั้น

BibComment


ยังไม่เคยถูกคอมเมนท์

คอมเมนท์ทรัพยากรรายการนี้
  คอมเมนท์: คู่มือเฝ้าระวังแล..


 Copyright 2026. Bcnsprnw @Library